Historia de la Literatura I / (Record no. 133018)

MARC details
000 -LEADER
campo de control de longitud fija 00869nam a2200217 4500
001 - NÚMERO DE CONTROL
campo de control 133018
003 - IDENTIFICADOR DE NÚMERO DE CONTROL
campo de control ES-MaACL
005 - FECHA Y HORA DE LA ÚLTIMA TRANSACCIÓN
campo de control 20250829062534.0
007 - CAMPO FIJO DE DESCRIPCIÓN FÍSICA--INFORMACIÓN GENERAL
campo de control de longitud fija t|
008 - DATOS DE LONGITUD FIJA--INFORMACIÓN GENERAL
campo de control de longitud fija 070214s1977 sp r ||||1| spa d
245 00 - MENCIÓN DEL TÍTULO
Título Historia de la Literatura I /
Mención de responsabilidad, etc. redactada por Jesús Cañas Murillo ... [et al.] ; bajo la dirección de Juan Manuel Rozas López.
260 ## - PUBLICACIÓN, DISTRIBUCIÓN, ETC.
Lugar de publicación, distribución, etc. Móstoles (Madrid) :
Nombre del editor, distribuidor, etc. Grefol,
Fecha de publicación, distribución, etc. 1977.
300 ## - DESCRIPCIÓN FÍSICA
Extensión 6 t. en 1 v. ;
Dimensiones 30 cm.
500 ## - NOTA GENERAL
Nota general Precede al tít.: Universidad Nacional de Educación a Distancia . Ministerio de Educación y Ciencia.
700 1# - ENTRADA AGREGADA--NOMBRE PERSONAL
Nombre de persona Cañas Murillo, Jesús.
9 (RLIN) 34741
700 1# - ENTRADA AGREGADA--NOMBRE PERSONAL
Nombre de persona Rozas, Juan Manuel.
9 (RLIN) 100249
710 2# - ENTRADA AGREGADA--NOMBRE DE ENTIDAD CORPORATIVA
Nombre de entidad corporativa o nombre de jurisdicción como elemento de entrada Universidad Nacional de Educación a Distancia (España)
9 (RLIN) 7405
710 1# - ENTRADA AGREGADA--NOMBRE DE ENTIDAD CORPORATIVA
Nombre de entidad corporativa o nombre de jurisdicción como elemento de entrada España.
Unidad subordinada Ministerio de Educación y Ciencia.
9 (RLIN) 3864
852 ## - LOCALIZACIÓN
Ubicación ES-MaACL
Número de control de estantería L-2641
Sublocalización o colección R.103643
Holdings
Estatus retirado Estado de pérdida Estado de daño No para préstamo Biblioteca de origen Biblioteca actual Ubicación en estantería Fecha de adquisición Fuente de adquisición Total de préstamos Signatura topográfica completa Código de barras Visto por última vez Precio de reemplazo Tipo de ítem Koha
        Biblioteca del Ateneo de Madrid Biblioteca del Ateneo de Madrid Depósito 2 17/01/2008     L-2641 1138482 23/02/2023 23/02/2023 Libro impreso